|
|
|
|
| LEADER |
00000nab a2200000 a 4500 |
| 001 |
vtls010263343 |
| 003 |
SK-MaSNL |
| 005 |
20260304235125.0 |
| 008 |
250507 2011 xo 000 0 slo |
| 015 |
|
|
|a SNBRB2011/03
|2 lmaosk
|
| 035 |
|
|
|a urn:nbn:sk:snk-ab83dk
|
| 035 |
|
|
|a (urnnbn)urn:nbn:sk:snk:ar-0067j2
|
| 035 |
|
|
|a (uuid)215c5a33-78e5-4461-98e9-f6473b1514b5
|
| 040 |
|
|
|a SNKBUCL
|b slo
|c SNKBUCL
|e AACR2
|
| 041 |
0 |
|
|a slo
|
| 044 |
|
|
|a xo
|c SK
|
| 080 |
|
|
|a 623
|2 2001
|
| 100 |
1 |
|
|a Turza, Peter
|4 aut
|9 447980
|
| 245 |
1 |
0 |
|a Úspešný raketomet
|c Peter Turza; Miroslav Mihálik
|
| 300 |
|
|
|b Fotogr., tab.
|
| 500 |
|
|
|a Obsahuje takticko-technické údaje
|
| 610 |
2 |
7 |
|a Vojenské historické múzeum (Piešťany, Slovensko)
|2 lmaosk
|9 262741
|
| 650 |
0 |
7 |
|a múzejné zbierky
|2 lmaosk
|9 69988
|
| 650 |
0 |
7 |
|a raketomety vzor 70
|2 lmaosk
|9 1105063
|
| 650 |
0 |
7 |
|a raketomety
|2 lmaosk
|9 918818
|
| 650 |
0 |
7 |
|a delostrelecké zbrane
|2 lmaosk
|9 67926
|
| 700 |
1 |
|
|a Mihálik, Miroslav,
|c plk. v zál. Ing.
|4 pht
|9 1486249
|
| 773 |
0 |
|
|t Obrana
|g Roč. XIX, č. 2 (2011), s. 26
|x 1336-1910
|
| 850 |
|
|
|a Slovenská národná knižnica
|
| 852 |
|
|
|a Slovenská národná knižnica
|
| 856 |
4 |
1 |
|u http://www.mosr.sk/data/files/2268.pdf
|
| 954 |
|
|
|a odborná, vedecká literatúra pôvodná (slovenská)
|2 lita
|
| 958 |
|
|
|a article9
|
| 958 |
|
|
|a NB
|
| 958 |
|
|
|a SK
|
| 958 |
|
|
|a OND
|
| 958 |
|
|
|a EUIPO
|
| 999 |
|
|
|c 3207524
|d 3209454
|